| 000 | 01733nam a2200421 i 4500 | ||
|---|---|---|---|
| 001 | 8384 | ||
| 003 | KOSZ 005 | ||
| 005 | 20230719130015.0 | ||
| 008 | 080827s1965 pl a f |000 0 pol | ||
| 015 | _aPB 1966/1897 | ||
| 035 | _a(OCoLC)832663772 | ||
| 040 |
_aWA N _cKOSZ 005/EG _dKOSZ 005/EG |
||
| 041 | 1 |
_apol _hfre |
|
| 046 | _k1965 | ||
| 080 | _a57 | ||
| 245 | 1 | 0 |
_aPodstawy życia / _cred. nauk. Étienne Wolff i Philippe Sengel ; tł. Maria Jordan [et al.] ; red. nauk. wyd. pol. Stanisław Skowron ; [wstęp H. Grégoire, A. Delaunay]. |
| 246 | 3 |
_iTyt. oryg.: _aÊtre vivant. |
|
| 260 |
_aWarszawa : _bPaństwowe Wydawnictwo Naukowe, _c1965. |
||
| 300 |
_a159, [1] s. : _bil. ; _c29 cm. |
||
| 380 | _aKsiążki. | ||
| 490 | 1 |
_aŻycie i człowiek / oprac. nauk. Rėmy Chauvin [et al.] ; _v1. |
|
| 500 | _aNa obwol. r. wyd.: 1964. - Dane opisu na s. 1-3, 6 i na grzbiecie. | ||
| 500 | _aTyt. oryg.: La vie et ľhomme. - Tyt. oryg. cz. 1: "L'être vivant. | ||
| 655 | 4 | _aWydawnictwa popularne | |
| 650 | 4 | _aBiologia | |
| 650 | 4 | _aŻycie | |
| 700 | 1 |
_aChauvin, Rémy _d(1913-2009). _eRedakcja |
|
| 700 | 1 |
_aWolff, Etienne _d(1904-1996). _eRedakcja |
|
| 700 | 1 |
_aSengel, Philippe _d(1928- ). _eRedakcja |
|
| 700 | 1 |
_aJordan, Maria _d(1922-2011). _eTłumaczenie |
|
| 700 | 1 |
_aSkowron, Stanisław _d(1900-1976). _eRedakcja |
|
| 700 | 1 |
_aGrégoire, Herman. _eWstęp |
|
| 700 | 1 |
_aDelaunay, Albert _d(1910-1993). _eWstęp |
|
| 710 |
_aPaństwowe Wydawnictwo Naukowe _4pbl. |
||
| 830 | 0 |
_aŻycie i człowiek _v1. |
|
| 856 |
_uhttp://koha.tu.koszalin.pl/cgi-bin/koha/opac-detail.pl?biblionumber=8384 _yKatalog online BPK |
||
| 942 |
_2UKD _cKS |
||
| 999 |
_c8384 _d8384 |
||